Detalles MARC
| 000 -CABECERA |
| Longitud fija campo de control |
01547nam a2200433 c 4500 |
| 001 - NÚMERO DE CONTROL |
| Número de control |
22083 |
| 003 - IDENTIFICADOR DE NÚMERO DE CONTROL |
| Identificador del número de control |
ES-MaCES |
| 005 - FECHA Y HORA DE LA ÚLTIMA TRANSACCIÓN |
| Fecha y hora de la última transacción |
20141221122749.0 |
| 008 - CAMPO FIJO DE DESCRIPCIÓN FIJA--INFORMACIÓN GENERAL |
| Códigos de información de longitud fija |
090421s2009 sp t 000 | spa d |
| 017 ## - NÚMERO DE REGISTRO DE DERECHOS DE AUTOR Y DEPÓSITO LEGAL |
| Número de copyright o de depósito legal |
SE 983-2009 |
| Agencia que asigna el número |
DL |
| 020 ## - ISBN (INTERNATIONAL STANDARD BOOK NUMBER) |
| Número Internacional Normalizado para Libros (ISBN) |
9788469189429 |
| 035 ## - NÚMERO DE CONTROL DEL SISTEMA |
| Número de control del sistema |
CES20090004633m |
| 040 ## - FUENTE DE CATALOGACIÓN |
| Centro catalogador de origen |
ES-MaCES |
| Lengua de catalogación |
spa |
| Centro transcriptor |
ES-MaCES |
| 100 1# - ENCABEZAMIENTO PRINCIPAL--NOMBRE PERSONAL |
| Nombre de persona |
Martínez Pecino, Roberto |
| 9 (RLIN) |
17895 |
| 245 10 - MENCIÓN DE TÍTULO |
| Título |
Efectividad de la mediación en conflictos laborales |
| Mención de responsabilidad, etc. |
Roberto Martínez Pecino |
| 260 ## - PUBLICACIÓN, DISTRIBUCIÓN, ETC (PIE DE IMPRENTA) |
| Lugar de publicación, distribución, etc. |
Sevilla |
| Nombre del editor, distribuidor, etc. |
Consejo Andaluz de Relaciones Laborales |
| Fecha de publicación, distribución, etc. |
[2009] |
| 300 ## - DESCRIPCIÓN FÍSICA |
| Extensión |
102 p. |
| Dimensiones |
24 cm |
| 490 1# - MENCIÓN DE SERIE |
| Mención de serie |
Monografías de temas laborales |
| Designación de volumen o secuencia |
40 |
| 500 ## - NOTA GENERAL |
| Nota general |
En la port.: Premio Tesis Doctoral, Consejo Andaluz de Relaciones Laborales 2008 |
| 504 ## - NOTA DE BIBLIOGRAFÍA, ETC. |
| Nota de bibliografía, etc. |
Bibliografía: p. 95-102 |
| 541 ## - NOTA DE LA FUENTE INMEDIANTE DE ADQUISICIÓN |
| Forma de adquisición |
Gratuito |
| 650 #4 - ASIENTO SECUNDARIO DE MATERIA--TÉRMINO DE MATERIA |
| Término de materia o nombre geográfico como elemento inicial |
mediación |
| 9 (RLIN) |
29897 |
| 650 #4 - ASIENTO SECUNDARIO DE MATERIA--TÉRMINO DE MATERIA |
| Término de materia o nombre geográfico como elemento inicial |
conflicto de trabajo |
| 9 (RLIN) |
28367 |
| 650 #4 - ASIENTO SECUNDARIO DE MATERIA--TÉRMINO DE MATERIA |
| Término de materia o nombre geográfico como elemento inicial |
conflicto de derecho |
| 9 (RLIN) |
29830 |
| 650 #4 - ASIENTO SECUNDARIO DE MATERIA--TÉRMINO DE MATERIA |
| Término de materia o nombre geográfico como elemento inicial |
conflicto de intereses |
| 9 (RLIN) |
29803 |
| 650 #4 - ASIENTO SECUNDARIO DE MATERIA--TÉRMINO DE MATERIA |
| Término de materia o nombre geográfico como elemento inicial |
agente de negociación |
| 9 (RLIN) |
29450 |
| 650 #4 - ASIENTO SECUNDARIO DE MATERIA--TÉRMINO DE MATERIA |
| Término de materia o nombre geográfico como elemento inicial |
arreglo de conflicto |
| 9 (RLIN) |
27305 |
| 650 #4 - ASIENTO SECUNDARIO DE MATERIA--TÉRMINO DE MATERIA |
| Término de materia o nombre geográfico como elemento inicial |
procedimiento laboral |
| 9 (RLIN) |
30887 |
| 650 #4 - ASIENTO SECUNDARIO DE MATERIA--TÉRMINO DE MATERIA |
| Término de materia o nombre geográfico como elemento inicial |
eficacia |
| 9 (RLIN) |
30813 |
| 650 #4 - ASIENTO SECUNDARIO DE MATERIA--TÉRMINO DE MATERIA |
| Término de materia o nombre geográfico como elemento inicial |
España |
| 9 (RLIN) |
26964 |
| 650 #4 - ASIENTO SECUNDARIO DE MATERIA--TÉRMINO DE MATERIA |
| Término de materia o nombre geográfico como elemento inicial |
Andalucia |
| 9 (RLIN) |
30791 |
| 653 10 - TÉRMINO DE INDEXACIÓN--NO CONTROLADO |
| Término no controlado |
Relaciones laborales-Empleo |
| 710 2# - ENCABEZAMIENTO SECUNDARIO--NOMBRE CORPORATIVO |
| Nombre de entidad o nombre de jurisdicción como elemento inicial |
Consejo Andaluz de Relaciones Laborales |
| Término indicativo de función |
ed. |
| 9 (RLIN) |
2337 |
| 711 2# - ENCABEZAMIENTO SECUNDARIO--NOMBRE DE REUNIÓN |
| Nombre de congreso o nombre de jurisdicción como elemento inicial |
Premio Tesis Doctoral (Consejo Andaluz de Relaciones Laborales) |
| Fecha del congreso |
2008 |
| 9 (RLIN) |
1083 |
| 830 #0 - ENCABEZAMIENTO SECUNDARIO DE COLECCIÓN--TÍTULO UNIFORME |
| Título uniforme |
Monografías de temas laborales |
| Designación de volumen o secuencia |
40 |
| 9 (RLIN) |
33850 |
| 902 ## - CES. TIPO DE DOCUMENTO |
| Tipodoc (006$c Sirtex) |
LIB Libro |
| 942 ## - ELEMENTOS KOHA |
| Fuente de clasificaión o esquema |
Clasificación propia del CES |
| Koha [por defecto] tipo de item |
Monografías |
| Parte de clasificación |
2.0. |